| 000 | 00926cam a2200265 4500 | ||
|---|---|---|---|
| 001 | 45399 | ||
| 090 | _a45399 | ||
| 100 | _a19931213d1943 m y0pory50030103ba | ||
| 101 | 0 | _apor | |
| 102 | _aPT | ||
| 200 | 1 |
_aA vida de Beethoven _fLuiz de Freitas Branco |
|
| 210 | 9 |
_aLisboa _cCosmos, _dimp. 1943 |
|
| 215 |
_a124, [4] p. _d19 cm |
||
| 225 | 2 |
_aBiblioteca Cosmos _hSeccão 5. N.º 4 _iBiografias _v50 |
|
| 317 | _aFunda—cão C. Gulbenkian, Fundo Viana da Mota | ||
| 317 | _aDoa—cão António de Oliveira e Silva | ||
| 317 | _aDoa—cão Maria Aurora Sequeira | ||
| 317 | _aFunda—cão C. Gulbenkian, Espólio Emma Romero da Câmara Reis ; cota anterior: C.R. 579 | ||
| 600 | 1 |
_aBeethoven, _bLudwig van, _f1770-1827 |
|
| 606 |
_aCompositores alemães _zSéc. 18-19 |
||
| 606 | _aCompositores | ||
| 675 |
_a78Beethoven, Ludwig van _vBN _zpor |
||
| 700 | 1 |
_aBranco, _bLuís de Freitas, _f1890-1955 |
|
| 801 | 0 |
_aPT _bBN _gRPC |
|
| 990 | _cLIVROS | ||